Economic Growth and Development : (Record no. 3406)

MARC details
000 -LEADER
fixed length control field 01216cam a22003014a 4500
001 - CONTROL NUMBER
control field 12205856
003 - CONTROL NUMBER IDENTIFIER
control field OSt
005 - DATE AND TIME OF LATEST TRANSACTION
control field 20231031122502.0
008 - FIXED-LENGTH DATA ELEMENTS--GENERAL INFORMATION
fixed length control field 001019s2001 maua b 001 0 eng
010 ## - LIBRARY OF CONGRESS CONTROL NUMBER
LC control number 00051755
020 ## - INTERNATIONAL STANDARD BOOK NUMBER
International Standard Book Number 0072397977 (alk. paper)
040 ## - CATALOGING SOURCE
Original cataloging agency DLC
Transcribing agency DLC
Modifying agency DLC
042 ## - AUTHENTICATION CODE
Authentication code pcc
050 00 - LIBRARY OF CONGRESS CALL NUMBER
Classification number HD78
Item number .V363 2001
082 00 - DEWEY DECIMAL CLASSIFICATION NUMBER
Classification number 338.9 VAN 2001
Edition number 21
100 1# - MAIN ENTRY--PERSONAL NAME
Personal name Van den Berg, Hendrik,
Dates associated with a name 1949-
9 (RLIN) 7596
245 10 - TITLE STATEMENT
Title Economic Growth and Development :
Remainder of title an analysis of our greatest economic achievements and our most exciting challenges
260 ## - PUBLICATION, DISTRIBUTION, ETC. (IMPRINT)
Place of publication, distribution, etc. Boston;
Name of publisher, distributor, etc. McGraw-Hill,
Date of publication, distribution, etc. 2001.
300 ## - PHYSICAL DESCRIPTION
Extent xxix, 610 p. :
Other physical details ill. ;
Dimensions 26 cm.
504 ## - BIBLIOGRAPHY, ETC. NOTE
Bibliography, etc Includes bibliographical references (p. 576-591) and indexes.
650 #0 - SUBJECT ADDED ENTRY--TOPICAL TERM
Topical term or geographic name as entry element Economic development
General subdivision History.
9 (RLIN) 7597
650 #0 - SUBJECT ADDED ENTRY--TOPICAL TERM
Topical term or geographic name as entry element Economic recovery
9 (RLIN) 7598
856 42 - ELECTRONIC LOCATION AND ACCESS
Materials specified Publisher description
Uniform Resource Identifier http://www.loc.gov/catdir/description/mh021/00051755.html
856 41 - ELECTRONIC LOCATION AND ACCESS
Materials specified Table of contents
Uniform Resource Identifier http://www.loc.gov/catdir/toc/mh021/00051755.html
906 ## - LOCAL DATA ELEMENT F, LDF (RLIN)
a 7
b cbc
c orignew
d 1
e ocip
f 20
g y-gencatlg
942 ## - ADDED ENTRY ELEMENTS (KOHA)
Source of classification or shelving scheme Dewey Decimal Classification
Koha item type Short Loan
Holdings
Withdrawn status Lost status Source of classification or shelving scheme Damaged status Not for loan Home library Current library Date acquired Source of acquisition Inventory number Total Checkouts Full call number Barcode Date last seen Koha item type
    Dewey Decimal Classification     MUST Main Library MUST Main Library 08/04/2016 Donation 03/20345   338.9 VAN 2001 2016-0623 08/04/2016 Short Loan